Statistics for Record transfers: Juventus FC

Click here to take the quiz!

General Stats

  • This quiz has been taken 202 times
    (143 since last reset)
  • The average score is 13 of 20

Answer Stats

#FeeSeasonPositionLeftPlayer% Correct
1117 Mill. €18/19Centre-ForwardReal Madrid CFCristiano Ronaldo
98%
290 Mill. €16/17Centre-ForwardSSC NapoliGonzalo Higuaín
95%
452,88 Mill. €01/02GoalkeeperParma ACGianluigi Buffon
94%
385,5 Mill. €19/20Centre-BackAFC AjaxMatthijs de Ligt
91%
840 Mill. €15/16Centre-ForwardUS Città di PalermoPaulo Dybala
88%
640 Mill. €18/19Right WingerFC Bayern MünchenDouglas Costa
83%
1235 Mill. €18/19Centre-BackAC MilanLeonardo Bonucci
79%
1726 Mill. €15/16Left-BackFC PortoAlex Sandro
74%
1037 Mill. €19/20Right-BackManchester City FCDanilo
72%
540,4 Mill. €18/19Right-BackValencia CFJoão Cancelo
71%
1432 Mill. €16/17Central MidfieldAS RomaMiralem Pjanić
69%
1925 Mill. €17/18Central MidfieldParis Saint-GermainBlaise Matuidi
67%
740 Mill. €17/18Right WingerACF FiorentinaFederico Bernardeschi
66%
938,7 Mill. €01/02Left MidfieldSS LazioPavel Nedvěd
62%
1136,15 Mill. €01/02Centre-BackParma ACLilian Thuram
49%
1627 Mill. €09/10Attacking MidfieldSV Werder BremenDiego
46%
1335 Mill. €19/20Right WingerAtalanta BCDejan Kulusevski
34%
1528 Mill. €04/05Defensive MidfieldAS RomaÉmerson
32%
2025 Mill. €09/10Defensive MidfieldACF FiorentinaFelipe Melo
30%
1826 Mill. €19/20Centre-BackGenoa CFCCristian Romero
29%

Score Distribution

Percentile by Number Answered

Percent of People with Each Score

Your Score History

You have not taken this quiz since the last reset